| 000 | 00378cam a2200145ua 4500 | ||
|---|---|---|---|
| 041 |
_aeng _h |
||
| 082 |
_a629.24 _bHAR/CO |
||
| 100 | _aHardy, H W . | ||
| 245 |
_aCompound change gear and indexing problems / _cH W Hardy. _hTextual Documents |
||
| 260 |
_a : _bMachinery Publishing Co Ltd.. |
||
| 300 |
_a77 : _b506 ; . |
||
| 504 | _a | ||
| 942 | _cBK | ||
| 999 |
_c10593 _d10593 |
||